[Event "Lichtenberger Sommer 2023"]
[Site "Berlin"]
[Date "2023.08.12"]
[Round "1.1"]
[White "Florstedt, Johannes"]
[Black "Willich, Manfred"]
[Result "1-0"]
[WhiteElo "2386"]
[BlackElo "1837"]
[PlyCount "87"]
[EventDate "2023.??.??"]
[WhiteTeam "SF Berlin 1903 e.V."]
[BlackTeam "SK Turm Bad Hersfeld"]

1. e4 c5 2. Nf3 e6 3. g3 Nc6 4. Bg2 d6 5. O-O Nf6 6. Re1 Be7 7. c3 O-O 8. d4
Nd7 9. Nbd2 Qc7 10. Nc4 b5 11. Ne3 Nb6 12. d5 Na5 13. dxe6 Bxe6 14. Nd5 Nxd5
15. exd5 Bg4 16. Qe2 Bf6 17. Qxb5 Rab8 18. Qa4 Bd7 19. Qc2 Nc4 20. b3 Nb6 21.
Ng5 g6 22. Bf4 Bf5 23. Be4 Qd8 24. Bxf5 Bxg5 25. Bxg5 Qxg5 26. Be4 Nxd5 27. h4
Qh5 28. Qd3 Nf6 29. Qxd6 Nxe4 30. Rxe4 Rbd8 31. Qf6 Rd1+ 32. Rxd1 Qxd1+ 33. Kh2
Qd5 34. Re5 Qd2 35. h5 Qd8 36. Qxd8 Rxd8 37. Rxc5 Rd2 38. h6 Kf8 39. Kg2 Rxa2
40. Rc8+ Ke7 41. Rh8 Ra3 42. Rxh7 Rxb3 43. Rh8 Kf6 44. Rc8 1-0

[Event "Lichtenberger Sommer 2023"]
[Site "Berlin"]
[Date "2023.08.12"]
[Round "1.2"]
[White "Bezhenar, Georgy"]
[Black "Colpe, Malte"]
[Result "0-1"]
[WhiteElo "1833"]
[BlackElo "2381"]
[PlyCount "70"]
[EventDate "2023.??.??"]
[WhiteTeam "SC Kreuzberg e.V."]
[BlackTeam "Hamburger SK von 1830 eV"]

1. d4 Nf6 2. c4 e6 3. Nf3 d5 4. g3 Nbd7 5. Bg2 dxc4 6. O-O c6 7. Qc2 b5 8. Bg5
Bb7 9. Nc3 Qb6 10. e4 Bb4 11. e5 Nd5 12. Ne4 h6 13. a3 Bf8 14. Bd2 c5 15. Be3
Nxe3 16. fxe3 Be7 17. Rad1 O-O 18. g4 cxd4 19. exd4 f6 20. Nxf6+ Nxf6 21. exf6
Bxf6 22. Qg6 Qc6 23. h4 Qe4 24. Qh5 Bxd4+ 25. Kh1 e5 26. g5 hxg5 27. hxg5 Qh7
28. Qxh7+ Kxh7 29. Nxd4 Rxf1+ 30. Rxf1 Bxg2+ 31. Kxg2 exd4 32. Rf5 d3 33. Kf2
a6 34. Ke3 Re8+ 35. Kd2 Re2+ 0-1

[Event "Lichtenberger Sommer 2023"]
[Site "Berlin"]
[Date "2023.08.12"]
[Round "1.3"]
[White "Figura, Atila Gajo"]
[Black "Scheide, Helmut"]
[Result "1-0"]
[WhiteElo "2371"]
[BlackElo "1832"]
[PlyCount "33"]
[EventDate "2023.??.??"]
[WhiteTeam "SC Friesen Lichtenberg e.V."]
[BlackTeam "USV Potsdam e.V., Abt. Schach"]

1. d4 Nf6 2. c4 e6 3. Nc3 Bb4 4. Qc2 c5 5. dxc5 Bxc3+ 6. Qxc3 Ne4 7. Qa3 b6 8.
cxb6 Qxb6 9. Be3 Qc6 10. Rc1 a5 11. Nf3 d6 12. Nd4 Qd7 13. f3 Nc5 14. Nb5 Nb7
15. Rd1 Ra6 16. Bf4 Ke7 17. e4 1-0

[Event "Lichtenberger Sommer 2023"]
[Site "Berlin"]
[Date "2023.08.12"]
[Round "1.4"]
[White "Hoyer, Olaf"]
[Black "Brüdigam, Martin"]
[Result "0-1"]
[WhiteElo "1826"]
[BlackElo "2362"]
[PlyCount "84"]
[EventDate "2023.??.??"]
[WhiteTeam "SC Braunschweig Gliesmarode v. 1"]
[BlackTeam "SK König Tegel 1949 e.V."]

1. d4 Nf6 2. Nf3 d5 3. e3 e6 4. Bd3 c5 5. b3 Nc6 6. Bb2 Bd6 7. Nbd2 Qe7 8. a3
e5 9. dxe5 Nxe5 10. Nxe5 Bxe5 11. Bb5+ Bd7 12. Bxd7+ Nxd7 13. Bxe5 Qxe5 14. O-O
O-O 15. Nf3 Qe6 16. Qd3 Nf6 17. Rfd1 h6 18. Rac1 Rfd8 19. Qc3 Rac8 20. Qa1 Qb6
21. Qb1 Qa5 22. Qa1 b6 23. c4 dxc4 24. Rxc4 Qxa3 25. Rcd4 Rxd4 26. exd4 Qxb3
27. Rb1 Qd3 28. Rd1 Qb3 29. Rb1 Qc2 30. Rc1 Qf5 31. h3 a5 32. Qb1 Qxb1 33. Rxb1
Nd5 34. Rb5 a4 35. Ne1 a3 36. dxc5 a2 37. Nc2 Rxc5 38. Rxc5 bxc5 39. Kf1 Nb4
40. Na1 c4 41. Ke2 c3 42. f3 Kf8 0-1

[Event "Lichtenberger Sommer 2023"]
[Site "Berlin"]
[Date "2023.08.12"]
[Round "1.5"]
[White "Hommer, Jeremy"]
[Black "Jeß, Arne"]
[Result "1-0"]
[WhiteElo "2308"]
[BlackElo "1824"]
[PlyCount "71"]
[EventDate "2023.??.??"]
[WhiteTeam "Hamburger SK von 1830 eV"]
[BlackTeam "TSG Rot-Weiß Fredersdorf/Vogelsd"]

1. e4 c5 2. Nf3 d6 3. Bb5+ Bd7 4. Bxd7+ Qxd7 5. c4 Nc6 6. Nc3 Nf6 7. d4 cxd4 8.
Nxd4 g6 9. f3 Bg7 10. Be3 O-O 11. O-O Rfe8 12. Rc1 Rac8 13. b3 Nxd4 14. Bxd4 a6
15. Qd3 Qc6 16. Rfd1 Nd7 17. Be3 Nc5 18. Qe2 Rcd8 19. Qf2 Nd7 20. Nd5 Nf6 21.
Rc2 Nxd5 22. cxd5 Qd7 23. Rdc1 Rc8 24. Bb6 Rxc2 25. Qxc2 e6 26. dxe6 Qxe6 27.
Qc7 Qe7 28. Qxe7 Rxe7 29. Rc8+ Bf8 30. Rd8 Re6 31. Bd4 f5 32. exf5 gxf5 33. Kf2
b5 34. Ra8 d5 35. Bc5 Rf6 36. Ke3 1-0

[Event "Lichtenberger Sommer 2023"]
[Site "Berlin"]
[Date "2023.08.12"]
[Round "1.6"]
[White "Kandeler, Christian"]
[Black "Hesse, Henrik"]
[Result "0-1"]
[WhiteElo "1804"]
[BlackElo "2266"]
[PlyCount "62"]
[EventDate "2023.??.??"]
[WhiteTeam "TSG Oberschöneweide e.V."]
[BlackTeam "SV Mattnetz Berlin e.V."]

1. e4 c5 2. c3 e6 3. d4 cxd4 4. cxd4 d5 5. e5 Ne7 6. Nf3 Nf5 7. Bd3 Nc6 8. Bxf5
exf5 9. O-O Be7 10. Nc3 Be6 11. Ne2 g5 12. h4 h6 13. Qd3 f4 14. Nh2 Qd7 15. a3
Bf5 16. Qb3 Na5 17. Qd1 Qb5 18. b4 Nc4 19. Nc3 Qd7 20. Qa4 Qxa4 21. Nxa4 Rc8
22. Re1 b6 23. Ra2 Kd7 24. h5 Ke6 25. g4 Bh7 26. Nf3 Be4 27. Nd2 Nxd2 28. Bxd2
Bf3 29. Nc3 Bxg4 30. Ne2 Bxh5 31. Bxf4 Bxe2 0-1

[Event "Lichtenberger Sommer 2023"]
[Site "Berlin"]
[Date "2023.08.12"]
[Round "1.7"]
[White "Förster, Jonas"]
[Black "Kretzschmar, Jan"]
[Result "1-0"]
[WhiteElo "2262"]
[BlackElo "1803"]
[PlyCount "61"]
[EventDate "2023.??.??"]
[WhiteTeam "SV Empor Berlin e.V."]
[BlackTeam "SC Kreuzberg e.V."]

1. Nf3 d5 2. e3 Nf6 3. c4 e6 4. b3 Bd6 5. Bb2 Nbd7 6. Be2 c6 7. O-O O-O 8. d4
Ne4 9. Nbd2 f5 10. Ne1 Nxd2 11. Qxd2 Nf6 12. Nd3 Ne4 13. Qe1 Qg5 14. Ne5 a5 15.
a3 f4 16. exf4 Qxf4 17. Rd1 Bxe5 18. dxe5 Bd7 19. g3 Qf7 20. a4 Qe8 21. Ba3 Rf5
22. f3 Ng5 23. h4 Nh3+ 24. Kh2 Nf4 25. gxf4 Rxf4 26. Qg3 Qf7 27. Bd3 Kh8 28.
Bc1 Rf5 29. Bxf5 exf5 30. e6 Bxe6 31. Bb2 1-0

[Event "Lichtenberger Sommer 2023"]
[Site "Berlin"]
[Date "2023.08.12"]
[Round "1.8"]
[White "Bruening, Wolfgang"]
[Black "Lorenz, Sascha"]
[Result "0-1"]
[WhiteElo "1801"]
[BlackElo "2261"]
[PlyCount "68"]
[EventDate "2023.??.??"]
[WhiteTeam "vereinslos"]
[BlackTeam "SK König Tegel 1949 e.V."]

1. c4 e5 2. Nc3 Bb4 3. g3 Nf6 4. Bg2 O-O 5. Nf3 Re8 6. d3 c6 7. O-O h6 8. a3
Bxc3 9. bxc3 d5 10. cxd5 cxd5 11. Rb1 Nc6 12. Bb2 Bf5 13. Nh4 Be6 14. h3 Qe7
15. Nf3 Rad8 16. Qa4 Nd7 17. Kh2 Nb6 18. Qh4 Qd6 19. Rfd1 f5 20. Qh5 Nd7 21. e4
Nf6 22. Qh4 fxe4 23. dxe4 Nxe4 24. Kg1 Qc5 25. g4 Bf7 26. g5 Rd6 27. c4 hxg5
28. Nxg5 Nxg5 29. Qxg5 Qxc4 30. Bf1 Qf4 31. Qxf4 exf4 32. Bc1 Bh5 33. Rd2 Re1
34. Ra1 Rg6+ 0-1

[Event "Lichtenberger Sommer 2023"]
[Site "Berlin"]
[Date "2023.08.12"]
[Round "1.9"]
[White "Heinig, Wolfram"]
[Black "Guder, Sibylle"]
[Result "1-0"]
[WhiteElo "2254"]
[BlackElo "1796"]
[PlyCount "83"]
[EventDate "2023.??.??"]
[WhiteTeam "SK Zehlendorf e.V."]
[BlackTeam "SF Berlin 1903 e.V."]

1. d4 g6 2. c4 Bg7 3. e4 d6 4. Nc3 Nc6 5. d5 Ne5 6. h3 Nf6 7. Be3 O-O 8. Qd2 c6
9. f4 Ned7 10. Bd3 Nc5 11. Bc2 a5 12. Nf3 Bd7 13. e5 Ne8 14. O-O Qc8 15. Bxc5
dxc5 16. Na4 Qc7 17. Nxc5 Bc8 18. Ne4 cxd5 19. cxd5 Bf5 20. Rac1 Rd8 21. Bb3
Qb6+ 22. Qf2 Qxf2+ 23. Nxf2 Bh6 24. g4 Bd7 25. g5 Bg7 26. a4 b5 27. axb5 Bxb5
28. Rfe1 a4 29. Ba2 Kh8 30. Nd4 Bd7 31. Nc6 Bxc6 32. Rxc6 Rb8 33. Re2 Rb4 34.
Ne4 Rd4 35. Kg2 Rg8 36. Kf3 Bf8 37. Ke3 Rb4 38. d6 exd6 39. Bxf7 dxe5 40. Bxe8
Rb3+ 41. Kf2 exf4 42. Bf7 1-0

[Event "Lichtenberger Sommer 2023"]
[Site "Berlin"]
[Date "2023.08.12"]
[Round "1.10"]
[White "Oppermann, Peter"]
[Black "Holinka, Henning"]
[Result "0-1"]
[WhiteElo "1796"]
[BlackElo "2241"]
[PlyCount "40"]
[EventDate "2023.??.??"]
[WhiteTeam "SK Bad Harzburg"]
[BlackTeam "Hamburger SK von 1830 eV"]

1. d4 d5 2. Nf3 c5 3. e3 Nc6 4. g3 Nf6 5. Bg2 Bf5 6. c3 e6 7. O-O Bd6 8. Re1 h5
9. h4 Qc7 10. Nbd2 O-O-O 11. Nf1 Ne4 12. dxc5 Bxc5 13. N1d2 Ne5 14. Nxe4 Bxe4
15. Qa4 f5 16. Nd2 g5 17. Nxe4 dxe4 18. b4 Bb6 19. hxg5 h4 20. f4 exf3 0-1

[Event "Lichtenberger Sommer 2023"]
[Site "Berlin"]
[Date "2023.08.12"]
[Round "1.11"]
[White "Möller, Dustin"]
[Black "Wadepfuhl, Jeremy"]
[Result "1-0"]
[WhiteElo "2230"]
[BlackElo "1789"]
[PlyCount "83"]
[EventDate "2023.??.??"]
[WhiteTeam "Preetzer TSV"]
[BlackTeam "SC Borussia Lichtenberg"]

1. Nf3 d5 2. e3 Nf6 3. c4 c6 4. Nc3 Bf5 5. cxd5 cxd5 6. Qb3 Bc8 7. d4 Nc6 8.
Bd3 e6 9. O-O Bd6 10. Bd2 O-O 11. Rfc1 Na5 12. Qc2 Bd7 13. Ne5 Bc6 14. f4 Rc8
15. Be1 Be8 16. Bh4 h6 17. Qe2 Rc7 18. Rc2 Be7 19. Rac1 a6 20. Kh1 b5 21. Nd1
Rxc2 22. Qxc2 Nc4 23. b3 Ba3 24. Rb1 Nb6 25. Be1 Bd6 26. Ba5 Nfd7 27. Rc1 Ba3
28. Qc7 Qxc7 29. Rxc7 Nxe5 30. dxe5 Na8 31. Ra7 Bc6 32. Rxa6 Bb7 33. Ra7 Bc6
34. b4 Bc1 35. Kg1 d4 36. Kf2 dxe3+ 37. Nxe3 Bb2 38. Nc2 Rc8 39. g3 Kf8 40. Ke2
Bc3 41. Na3 Rb8 42. Nxb5 1-0

[Event "Lichtenberger Sommer 2023"]
[Site "Berlin"]
[Date "2023.08.12"]
[Round "1.12"]
[White "Sommer, Ingo"]
[Black "Tscheuschner, Georg"]
[Result "0-1"]
[WhiteElo "1787"]
[BlackElo "2229"]
[PlyCount "84"]
[EventDate "2023.??.??"]
[WhiteTeam "SC Kreuzberg e.V."]
[BlackTeam "SV Mattnetz Berlin e.V."]

1. d4 Nf6 2. c4 e6 3. g3 d5 4. Bg2 dxc4 5. Qa4+ Nbd7 6. Nf3 a6 7. Qxc4 b5 8.
Qc2 Bb7 9. Nbd2 c5 10. O-O Rc8 11. Qd3 cxd4 12. Qxd4 Be7 13. e4 e5 14. Qe3 O-O
15. Nh4 g6 16. Nb3 Rc4 17. Nd2 Rc2 18. Qd3 Qc7 19. Nb3 Qc4 20. Qxc4 bxc4 21.
Na5 Bxe4 22. Bxe4 Nxe4 23. Nf3 Nxf2 24. Ne1 Nh3+ 25. Kh1 Rf2 26. Rxf2 Nxf2+ 27.
Kg2 Nd3 28. Bh6 Rc8 29. b3 Bb4 30. Nxd3 cxd3 31. Nc4 e4 32. Rd1 f5 33. g4 Kf7
34. gxf5 gxf5 35. a3 Bc5 36. Kg3 Re8 37. Kh3 Ke6 38. b4 Bd4 39. Bf4 Nf6 40. Rc1
Nd5 41. Bg3 Rc8 42. Bd6 d2 0-1

[Event "Lichtenberger Sommer 2023"]
[Site "Berlin"]
[Date "2023.08.12"]
[Round "1.13"]
[White "Matthes, Aaron"]
[Black "Ho, Ngoc Hai-Dang"]
[Result "1-0"]
[WhiteElo "2227"]
[BlackElo "1782"]
[PlyCount "113"]
[EventDate "2023.??.??"]
[WhiteTeam "SC Oranienburg e.V."]
[BlackTeam "SV Mattnetz Berlin e.V."]

1. d4 Nf6 2. c4 e6 3. Nf3 d5 4. Nc3 Be7 5. Bf4 c6 6. e3 Nbd7 7. Bd3 dxc4 8.
Bxc4 Nd5 9. O-O Nxf4 10. exf4 Nf6 11. Qe2 O-O 12. Rad1 Nd5 13. g3 Nxc3 14. bxc3
Qa5 15. Qe3 c5 16. Ne5 Qc7 17. Rfe1 Bd6 18. d5 Re8 19. Nf3 Bd7 20. Qd3 exd5 21.
Ng5 g6 22. Qxd5 Rxe1+ 23. Rxe1 Bc6 24. Qxf7+ Qxf7 25. Nxf7 Bf8 26. Ne5+ Kg7 27.
Rd1 Be8 28. Bd5 Rb8 29. Rb1 b5 30. Bc6 b4 31. c4 a5 32. Rd1 a4 33. Nd7 Rd8 34.
Bxa4 Bxd7 35. Bxd7 Kf6 36. Kg2 Ke7 37. Ba4 Rxd1 38. Bxd1 Bg7 39. Bc2 Bd4 40. f5
g5 41. f6+ Kxf6 42. Bxh7 Ke5 43. Kf3 Bc3 44. Bc2 Bd2 45. Kg4 Kd4 46. Bb3 Ke4
47. f3+ Ke5 48. h4 gxh4 49. Kxh4 Bh6 50. Kg4 Be3 51. f4+ Kf6 52. Kf3 Bd4 53. g4
Bc3 54. g5+ Kf5 55. Bc2+ Ke6 56. Kg4 Bd2 57. Be4 1-0

[Event "Lichtenberger Sommer 2023"]
[Site "Berlin"]
[Date "2023.08.12"]
[Round "1.14"]
[White "Schumacher, Gerhard"]
[Black "Tiarks, Jann-Christian"]
[Result "0-1"]
[WhiteElo "1776"]
[BlackElo "2211"]
[PlyCount "52"]
[EventDate "2023.??.??"]
[WhiteTeam "Gardez Robe"]
[BlackTeam "SC Empor Potsdam 1952 e.V."]

1. Nf3 d5 2. g3 Nf6 3. Bg2 c6 4. d3 Bg4 5. Nbd2 e6 6. h3 Bh5 7. O-O Be7 8. e4
O-O 9. Qe2 c5 10. g4 Bg6 11. Ne5 dxe4 12. Nxg6 hxg6 13. dxe4 Nc6 14. c3 Qc7 15.
Nf3 e5 16. Bg5 Nh7 17. Bxe7 Qxe7 18. Rad1 Rfd8 19. Rxd8+ Rxd8 20. Rd1 Nf8 21.
Rd5 Ne6 22. Qc4 Nf4 23. Rxc5 Rd1+ 24. Kh2 Nd3 25. Rd5 Qf6 26. Bh1 Rxh1+ 0-1

[Event "Lichtenberger Sommer 2023"]
[Site "Berlin"]
[Date "2023.08.12"]
[Round "1.15"]
[White "Hess, Christian"]
[Black "Villuela, Roberto"]
[Result "1-0"]
[WhiteElo "2210"]
[BlackElo "1775"]
[PlyCount "57"]
[EventDate "2023.??.??"]
[WhiteTeam "FC ST.Pauli 1910 eV SAbt"]
[BlackTeam "SC Friesen Lichtenberg e.V."]

1. Nf3 Nf6 2. c4 c5 3. Nc3 Nc6 4. d4 cxd4 5. Nxd4 Nxd4 6. Qxd4 g6 7. g3 Bg7 8.
Bg2 d6 9. O-O O-O 10. Bg5 a6 11. Qd2 Rb8 12. Rfd1 Be6 13. Nd5 b5 14. Nxf6+ exf6
15. Bf4 Bxc4 16. b3 Be6 17. Bxd6 f5 18. Rac1 Qf6 19. Bxb8 Rxb8 20. Qd6 Rf8 21.
Qxa6 Qe5 22. e3 g5 23. Qb6 Qb2 24. Qxb5 Qxa2 25. Bd5 Qa7 26. Bxe6 fxe6 27. Rd7
Qa3 28. Rcc7 Qa1+ 29. Qf1 1-0

[Event "Lichtenberger Sommer 2023"]
[Site "Berlin"]
[Date "2023.08.12"]
[Round "1.16"]
[White "Schilling, Hans"]
[Black "Zackrisson, Peter"]
[Result "0-1"]
[WhiteElo "1763"]
[BlackElo "2204"]
[PlyCount "50"]
[EventDate "2023.??.??"]
[WhiteTeam "SF Nordost Berlin"]
[BlackTeam "USV Potsdam e.V., Abt. Schach"]

1. d4 Nf6 2. Nf3 g6 3. e3 Bg7 4. Be2 O-O 5. O-O d6 6. b3 c5 7. Bb2 b6 8. Nbd2
Bb7 9. c4 Nbd7 10. d5 e5 11. dxe6 fxe6 12. Ng5 Qe7 13. Qc2 d5 14. Ngf3 Rad8 15.
Rad1 Ne8 16. Nb1 Ndf6 17. Nc3 Nd6 18. Ne1 Nf5 19. cxd5 exd5 20. Nf3 Kh8 21. h3
Ba8 22. Rd2 Bh6 23. Rfd1 d4 24. exd4 Bxd2 25. Rxd2 Bxf3 0-1

[Event "Lichtenberger Sommer 2023"]
[Site "Berlin"]
[Date "2023.08.12"]
[Round "1.17"]
[White "Petersen, Soren Boeck"]
[Black "Adamski, Adam"]
[Result "1-0"]
[WhiteElo "2179"]
[BlackElo "1761"]
[PlyCount "109"]
[EventDate "2023.??.??"]
[WhiteTeam "vereinslos"]

1. e4 c5 2. c3 Nf6 3. e5 Nd5 4. Nf3 d6 5. Bc4 Nb6 6. e6 Nxc4 7. Qa4+ Nc6 8.
exf7+ Kxf7 9. Qxc4+ e6 10. d4 Be7 11. dxc5 Rf8 12. cxd6 Bf6 13. Bf4 Bd7 14. O-O
Kg8 15. Nbd2 b5 16. Qe4 b4 17. cxb4 Rb8 18. a3 a5 19. Nc4 axb4 20. a4 Na5 21.
Nxa5 Qxa5 22. Be5 Bc6 23. Qxc6 Bxe5 24. Nxe5 Qxe5 25. d7 Qxb2 26. Qxe6+ Kh8 27.
Rac1 Qf6 28. Qxf6 gxf6 29. Rfd1 b3 30. g3 Rfd8 31. Rb1 Rb4 32. a5 Kg7 33. Rd3
b2 34. Kg2 Kf7 35. Rd2 Ra4 36. Rbxb2 Rxa5 37. Rb6 Re5 38. f4 Re6 39. Rxe6 Kxe6
40. g4 Rxd7 41. Rxd7 Kxd7 42. Kf3 Kd6 43. Ke4 Ke6 44. h3 Ke7 45. Kf5 Kf7 46. h4
Ke7 47. g5 fxg5 48. hxg5 Kf7 49. Ke5 Ke7 50. f5 Kf7 51. f6 Kf8 52. Ke6 Ke8 53.
f7+ Kf8 54. Kf6 h5 55. g6 1-0

[Event "Lichtenberger Sommer 2023"]
[Site "Berlin"]
[Date "2023.08.12"]
[Round "1.18"]
[White "Rausch, Erik"]
[Black "Jahn, Thomas"]
[Result "0-1"]
[WhiteElo "1760"]
[BlackElo "2173"]
[PlyCount "86"]
[EventDate "2023.??.??"]
[WhiteTeam "SC Kreuzberg e.V."]
[BlackTeam "SV Empor Berlin e.V."]

1. d4 Nf6 2. Nf3 d6 3. g3 g6 4. Bg2 Bg7 5. O-O Nbd7 6. b3 O-O 7. Bb2 e5 8. dxe5
Ng4 9. Nbd2 Ngxe5 10. Rb1 Re8 11. Re1 a5 12. c4 a4 13. Qc2 axb3 14. axb3 Ra2
15. Qc1 Nc5 16. Nd4 Ned3 17. exd3 Rxe1+ 18. Qxe1 Nxd3 19. Qe3 Nxb2 20. Re1 Qf8
21. Ne4 Bd7 22. Nc3 Ra5 23. Rb1 c5 24. Nde2 Bf5 25. Rxb2 Ra1+ 26. Nc1 Bd4 27.
Qd2 Qg7 28. Ra2 Bxc3 29. Rxa1 Bxd2 30. Ra8+ Qf8 31. Rxf8+ Kxf8 32. Ne2 b6 33.
Bc6 Bc2 34. Ba4 Ke7 35. Kg2 d5 36. cxd5 Bd3 37. Ng1 b5 38. Nf3 Bc3 39. Bxb5
Bxb5 40. Ng5 Bd3 41. f3 Bc2 42. Ne4 Bb4 43. d6+ Kd7 0-1

[Event "Lichtenberger Sommer 2023"]
[Site "Berlin"]
[Date "2023.08.12"]
[Round "1.19"]
[White "Kohler, Thomas"]
[Black "Rouditser, Benjamin"]
[Result "1/2-1/2"]
[WhiteElo "2172"]
[BlackElo "1756"]
[PlyCount "90"]
[EventDate "2023.??.??"]
[WhiteTeam "SC Zitadelle Spandau 1977 e.V."]
[BlackTeam "SG Lasker Stegli"]

1. c4 c6 2. Nf3 d5 3. g3 Nf6 4. Bg2 g6 5. b3 Bg7 6. Bb2 dxc4 7. bxc4 Qb6 8. Bd4
Qb4 9. Qc1 Be6 10. Na3 b6 11. O-O O-O 12. Bc3 Qd6 13. Be5 Qd8 14. Nd4 Bd7 15.
c5 bxc5 16. Nb3 c4 17. Nxc4 Bg4 18. Re1 Nbd7 19. Bc3 Nd5 20. Bxg7 Kxg7 21. Nca5
N7b6 22. Nxc6 Qd7 23. e4 Nf6 24. d4 Rac8 25. d5 e6 26. Nc5 Qc7 27. Qc3 exd5 28.
exd5 Nbd7 29. Nxd7 Bxd7 30. Rab1 Qd6 31. Rb7 Rc7 32. Rxc7 Qxc7 33. h3 Rb8 34.
Qd4 Qb6 35. Qe5 Re8 36. Ne7 Qc5 37. g4 h6 38. Bf3 Qa3 39. Re3 Qxa2 40. h4 Bxg4
41. Bxg4 Rxe7 42. Qxe7 Nxg4 43. Rf3 Qxd5 44. Rf4 h5 45. Qxa7 Qd1+ 1/2-1/2

[Event "Lichtenberger Sommer 2023"]
[Site "Berlin"]
[Date "2023.08.12"]
[Round "1.20"]
[White "Duppel, Yago"]
[Black "Nötzel, Felix"]
[Result "0-1"]
[WhiteElo "1743"]
[BlackElo "2169"]
[PlyCount "62"]
[EventDate "2023.??.??"]
[WhiteTeam "SV Königsjäger Süd-West e.V."]
[BlackTeam "SF Berlin 1903 e.V."]

1. d4 d5 2. c4 e6 3. Nc3 c6 4. e3 Nf6 5. Nf3 Nbd7 6. cxd5 exd5 7. Bd3 Bd6 8.
O-O O-O 9. a3 Re8 10. b4 Ne4 11. Qc2 f5 12. b5 Re6 13. bxc6 bxc6 14. h3 g5 15.
g4 Qf8 16. Nxg5 Nxg5 17. Bxf5 Nf3+ 18. Kh1 Rh6 19. g5 Nde5 20. gxh6 Bxf5 21. e4
Nxd4 22. Qd2 Nef3 23. Qd1 Bxh3 24. Rg1+ Nxg1 25. Qxg1+ Kh8 26. Qg7+ Qxg7 27.
hxg7+ Kxg7 28. exd5 cxd5 29. Nxd5 Kf7 30. Nf4 Bg4 31. Bb2 Nb3 0-1

[Event "Lichtenberger Sommer 2023"]
[Site "Berlin"]
[Date "2023.08.12"]
[Round "1.21"]
[White "Bui, Bao Anh Le"]
[Black "Kuban, Andreas"]
[Result "1-0"]
[WhiteElo "2162"]
[BlackElo "1740"]
[PlyCount "51"]
[EventDate "2023.??.??"]
[WhiteTeam "SV Mattnetz Berlin e.V."]
[BlackTeam "SC Zugzwang 95 e.V."]

1. e4 c5 2. Nf3 d6 3. Bb5+ Nd7 4. Ba4 Ngf6 5. O-O a6 6. c4 e5 7. Nc3 g6 8. d3
Bg7 9. a3 O-O 10. b4 Qc7 11. Bd2 Nb6 12. Bb3 Bg4 13. h3 Bd7 14. Rc1 Rae8 15.
Be3 Qc8 16. Na4 Nxa4 17. Bxa4 h6 18. Rb1 Re7 19. Bxd7 Nxd7 20. Nh4 Kh7 21. Qg4
Qe8 22. g3 f5 23. exf5 gxf5 24. Nxf5 Nf6 25. Qh4 Qf7 26. Bxh6 1-0

[Event "Lichtenberger Sommer 2023"]
[Site "Berlin"]
[Date "2023.08.12"]
[Round "1.22"]
[White "Mayer, Herbert"]
[Black "Polatel, Ali"]
[Result "0-1"]
[WhiteElo "1738"]
[BlackElo "2154"]
[PlyCount "64"]
[EventDate "2023.??.??"]
[WhiteTeam "SSV Rotation Berlin e.V."]
[BlackTeam "SC Zugzwang 95 e.V."]

1. f4 d5 2. e3 Nf6 3. b3 g6 4. Bb2 Bg7 5. Nf3 O-O 6. Be2 c5 7. O-O Nc6 8. Ne5
Nxe5 9. Bxe5 b6 10. d3 Bb7 11. Nd2 Rc8 12. Qe1 e6 13. Bf3 Re8 14. Rd1 Nd7 15.
Bxg7 Kxg7 16. Qg3 Qf6 17. c4 Rcd8 18. e4 dxe4 19. Bxe4 Bxe4 20. Nxe4 Qd4+ 21.
Qf2 Nb8 22. Qxd4+ Rxd4 23. Nc3 Red8 24. Rf3 Nc6 25. Nb5 R4d7 26. a3 Na5 27. d4
cxd4 28. Rfd3 Nc6 29. a4 a6 30. Na3 Nb4 31. R3d2 d3 32. Kf2 f5 0-1

[Event "Lichtenberger Sommer 2023"]
[Site "Berlin"]
[Date "2023.08.12"]
[Round "1.23"]
[White "Wiechert, Hans"]
[Black "Elyounis, Aalaa"]
[Result "1-0"]
[WhiteElo "2151"]
[BlackElo "1737"]
[PlyCount "69"]
[EventDate "2023.??.??"]
[WhiteTeam "SC Untergrombach 46"]
[BlackTeam "SC Zitadelle Spandau 1977 e.V."]

1. d4 Nf6 2. c4 g6 3. g3 Bg7 4. Bg2 c6 5. Qa4 O-O 6. e4 d5 7. cxd5 cxd5 8. e5
Ng4 9. h3 Nh6 10. Nc3 e6 11. Nf3 Nc6 12. O-O a6 13. Rd1 Bd7 14. Qc2 b5 15. g4
Rc8 16. Bg5 f6 17. exf6 Rxf6 18. Bxf6 Bxf6 19. Qd2 Nf7 20. Rac1 Nd6 21. b3 Qa5
22. Nxd5 exd5 23. Rxc6 Qa3 24. Rxc8+ Bxc8 25. Ne5 Be6 26. Qc2 Ne4 27. Qc6 Qe7
28. Bxe4 dxe4 29. d5 Bf5 30. gxf5 Qxe5 31. Qe6+ Kg7 32. Qxe5 Bxe5 33. fxg6 Kxg6
34. d6 Bf6 35. d7 1-0

[Event "Lichtenberger Sommer 2023"]
[Site "Berlin"]
[Date "2023.08.12"]
[Round "1.24"]
[White "Stein, Siegfried"]
[Black "Brinkmann, Fabian"]
[Result "0-1"]
[WhiteElo "1730"]
[BlackElo "2147"]
[PlyCount "48"]
[EventDate "2023.??.??"]
[WhiteTeam "SV Berolina Mitte e.V."]
[BlackTeam "Hamburger SK von 1830 eV"]

1. e4 c6 2. d4 d5 3. f3 g6 4. Nc3 Bg7 5. Be3 e6 6. Qd2 Nd7 7. h4 h6 8. Nge2 Ne7
9. g4 Nb6 10. Ng3 Qc7 11. e5 a6 12. Nd1 Nd7 13. Be2 c5 14. c3 b5 15. a4 b4 16.
cxb4 cxd4 17. Bf4 Nxe5 18. Rc1 Qa7 19. Rf1 Bd7 20. b3 N7c6 21. Nf2 Qb6 22. Nd3
Nxd3+ 23. Qxd3 Nxb4 24. Qb1 d3 0-1

[Event "Lichtenberger Sommer 2023"]
[Site "Berlin"]
[Date "2023.08.12"]
[Round "1.25"]
[White "Niehaus, Frank"]
[Black "Skowronski, Peter"]
[Result "1/2-1/2"]
[WhiteElo "2145"]
[BlackElo "1728"]
[PlyCount "54"]
[EventDate "2023.??.??"]
[WhiteTeam "SK König Tegel 1949 e.V."]
[BlackTeam "vereinslos"]

1. e4 e6 2. d4 d5 3. Nc3 Nf6 4. e5 Nfd7 5. Qh5 g6 6. Qd1 c5 7. Nf3 Nc6 8. Bb5
cxd4 9. Nxd4 Ndxe5 10. Qe2 Bd7 11. Nxc6 Nxc6 12. Nxd5 Bg7 13. c3 O-O 14. Ne3
Nd4 15. cxd4 Qa5+ 16. Bd2 Qxb5 17. Qxb5 Bxb5 18. Bc3 Rfd8 19. O-O-O Bc6 20. Kb1
Bh6 21. Ng4 Bg7 22. f3 h5 23. Ne5 Rac8 24. Nxc6 Rxc6 25. Rd3 Rcd6 26. Rhd1 Rd5
27. Kc2 R8d7 1/2-1/2

[Event "Lichtenberger Sommer 2023"]
[Site "Berlin"]
[Date "2023.08.12"]
[Round "1.26"]
[White "Regel, Michael"]
[Black "Amelang, Thomas"]
[Result "0-1"]
[WhiteElo "1722"]
[BlackElo "2141"]
[PlyCount "78"]
[EventDate "2023.??.??"]
[WhiteTeam "SC Friesen Lichtenberg e.V."]
[BlackTeam "Münchener SC 1836 e.V."]

1. Nf3 Nf6 2. c4 c5 3. Nc3 g6 4. g3 Bg7 5. Bg2 O-O 6. O-O Nc6 7. a3 d5 8. cxd5
Nxd5 9. Qc2 Nc7 10. Rb1 Ne6 11. e3 Bd7 12. b4 cxb4 13. axb4 Rc8 14. Qb3 h6 15.
d4 Ng5 16. Nxg5 hxg5 17. Bb2 b5 18. Ne4 a5 19. bxa5 Nxa5 20. Qd5 Nc4 21. Qxg5
Bf5 22. Bc1 Rb8 23. g4 f6 24. Qh4 Be6 25. Nc5 Bf7 26. Rd1 Qc8 27. Bd2 Nxd2 28.
Rxd2 e5 29. Ne4 g5 30. Qg3 exd4 31. exd4 b4 32. Rdb2 Rd8 33. Nd6 Qe6 34. Nxf7
Kxf7 35. Rxb4 Rxb4 36. Rxb4 Qe1+ 37. Bf1 Qxb4 38. Qc7+ Qe7 39. Bc4+ Kf8 0-1

[Event "Lichtenberger Sommer 2023"]
[Site "Berlin"]
[Date "2023.08.12"]
[Round "1.27"]
[White "Zur, Jan"]
[Black "Bade, Heidrun"]
[Result "1-0"]
[WhiteElo "2122"]
[BlackElo "1722"]
[PlyCount "59"]
[EventDate "2023.??.??"]
[WhiteTeam "SC Rotation Pankow e.V."]
[BlackTeam "USV Potsdam e.V., Abt. Schach"]

1. e4 e5 2. Nf3 Nc6 3. Bb5 a6 4. Ba4 Nf6 5. O-O b5 6. Bb3 Be7 7. c3 O-O 8. d4
d6 9. h3 h6 10. Re1 Re8 11. Nbd2 Bf8 12. Nf1 Na5 13. Bc2 Bd7 14. Ng3 c5 15. b3
Qc7 16. Be3 c4 17. Qd2 Rac8 18. b4 Nc6 19. a4 Ne7 20. axb5 Bxb5 21. Nh4 Qd7 22.
Nhf5 Ng6 23. Red1 exd4 24. Bxd4 Qe6 25. f4 d5 26. e5 Ne4 27. Nxe4 dxe4 28. Bxe4
Rcd8 29. Qe3 Kh8 30. Nxh6 1-0